The logic of culture : authority and identity in the Modern Era

Saved in:
Bibliographic Details
Main Author: Ray, William, 1944-
Format: Book
Language:English
Greek
Published: Oxford : Blackwell Publishers, 2001.
Series:New perspectives on the past
Subjects:
Tags: Add Tag
No Tags, Be the first to tag this record!

MARC

LEADER 00000nam a2200000 a 4500
001 1/127426
008 231006s2001####uk | ||| |||| ||eng||
020 |a 0631213449 
040 |a GR-MyUa  |b gre  |c GR-MyUa  |e AACR2 
041 0 |a gre 
082 7 |a 306  |2 (23) 
100 1 |a Ray, William,   |d 1944- 
245 1 4 |a The logic of culture :   |b authority and identity in the Modern Era /   |c William Ray.  
260 |a Oxford :   |b Blackwell Publishers,   |c 2001.  
300 |a xii, 214 σ. ;   |c 23 εκ.  
490 1 |a (New perspectives on the past) 
650 0 |a Culture. 
650 0 |a Group identity. 
650 0 |a History, Modern. 
830 0 |a New perspectives on the past 
852 |a INST  |b LESVOS  |e 20231006  |h 306 RAY  |p 005100065162  |q 005100065162  |t BK  |y 0 
970 |a Δημάκη  |b Μαρία  |z 06-10-2023